The lives of cold war Afro-Assianism / edited by Carolien Stolte and Su Lin Lewis. (Record no. 22470)
| 000 -LEADER | |
|---|---|
| fixed length control field | 00544nam a22001697a 4500 |
| 020 ## - INTERNATIONAL STANDARD BOOK NUMBER | |
| ISBN | 9789087283889 |
| 082 ## - DEWEY DECIMAL CLASSIFICATION NUMBER | |
| Classification number | 327.09 |
| Item number | L7852 2022 |
| 100 ## - MAIN ENTRY--AUTHOR NAME | |
| Personal name | Stolte, Carolien |
| 245 ## - TITLE STATEMENT | |
| Title | The lives of cold war Afro-Assianism / edited by Carolien Stolte and Su Lin Lewis. |
| 260 ## - PUBLICATION, DISTRIBUTION, ETC. (IMPRINT) | |
| Place of publication | Leiden : |
| Name of publisher | Leiden University Press, |
| Year of publication | 2022. |
| 300 ## - PHYSICAL DESCRIPTION | |
| Number of Pages | 1 online resource, 335 pages. |
| 500 ## - GENERAL NOTE | |
| General note | Includes bibliography and Index. |
| 650 ## - SUBJECT ADDED ENTRY--TOPICAL TERM | |
| Topical Term | Afro-Asian -- War. |
| 700 ## - ADDED ENTRY--PERSONAL NAME | |
| Personal name | Stolte, Carolien, editor. |
| 700 ## - ADDED ENTRY--PERSONAL NAME | |
| Personal name | Lewis, Su Lin, editor. |
| 942 ## - ADDED ENTRY ELEMENTS (KOHA) | |
| Koha item type | Electronic Books |
| Source of acquisition | Permanent Location | Date acquired | Collection code | Koha item type | Lost status | Shelving location | Withdrawn status | Current Location | Full call number |
|---|---|---|---|---|---|---|---|---|---|
| School | Cagayan State University - Carig Library | 2026-04-22 | E-Books | Electronic Books | E-Resource Section | Cagayan State University - Carig Library | 327.09 L7852 2022 |